Nghiên cứu lập trình đồ họa và xây dựng Game 3D cho mobile
Cơ sở lý thuyết. Giới thiệu về lập trình đồ họa. Xây dựng game 3D cho Moblie
Gespeichert in:
| 1. Verfasser: | |
|---|---|
| Weitere Verfasser: | |
| Format: | Buch |
| Sprache: | Vietnamese |
| Veröffentlicht: |
Đà Nẵng
Đại học Sư phạm, Đại học Đà Nẵng
2013
|
| Schlagworte: | |
| Tags: |
Tag hinzufügen
Keine Tags, Fügen Sie den ersten Tag hinzu!
|
| Thư viện lưu trữ: | Mạng thư viện Đại học Đà Nẵng |
|---|
| LEADER | 01720nam a2200397 4500 | ||
|---|---|---|---|
| 001 | 000018413 | ||
| 003 | 14844 | ||
| 005 | 20131114091155.0 | ||
| 008 | 131031s2013 viesd | ||
| 041 | |a vie | ||
| 082 | 1 | 4 | |a 005.268 |b TR-H |
| 100 | 1 | |a Trần Đức Huy | |
| 245 | 1 | |a Nghiên cứu lập trình đồ họa và xây dựng Game 3D cho mobile |c Trần Đức Huy ; Trần Uyên Trang hướng dẫn |k Khóa luận tốt nghiệp | |
| 260 | |a Đà Nẵng |b Đại học Sư phạm, Đại học Đà Nẵng |c 2013 | ||
| 300 | |a 74 tr. |b mh. |c 29 cm. |e Bản tóm tắt | ||
| 500 | |a Khóa luận tốt nghiệp đại học. Chuyên ngành: Cử nhân Công nghệ thông tin | ||
| 504 | |a Mục lục đầu trang, tài liệu tham khảo tr. 73 - 74, phụ lục [13 tr.] | ||
| 520 | |a Cơ sở lý thuyết. Giới thiệu về lập trình đồ họa. Xây dựng game 3D cho Moblie | ||
| 600 | 1 | 4 | |b Vua |c Đinh Tiên Hoàng |
| 650 | 0 | 4 | |a Game 3D |v Khóa luận tốt nghiệp |x Mobile |
| 650 | 0 | 4 | |a Lập trình đồ họa |v Khóa luận tốt nghiệp |x Game 3D |
| 653 | |a Game 3D | ||
| 653 | |a Lập trình đồ họa | ||
| 653 | |a Khoa Tin học | ||
| 653 | |a Moblie | ||
| 700 | 1 | |a Trần Uyên Trang |e Hướng dẫn | |
| OWN | |a LSP | ||
| AVA | |a UDN50 |b LSP |d 005.268 TR-H |e available |t Error 5001 Not defined in file expand_doc_bib_avail. |f 1 |g 0 |h N |i 0 |k 1 | ||
| 999 | |a From the UDN01 | ||
| AVA | |a UDN50 |b LSP |d 005.268 TR-H |e available |t Error 5001 Not defined in file expand_doc_bib_avail. |f 1 |g 0 |h N |i 0 |k 1 | ||
| TYP | |a Monograph | ||
| TYP | |a Printed language | ||
| 980 | |a Mạng thư viện Đại học Đà Nẵng | ||